=LDR 00000nam 2200000 4500 =001 INLIS000000000033603 =005 20130612135540 =008 ***********************************ind** =035 ##$$0010-061300000033603 =041 ##$$a ind =082 ##$$a 635.9 =090 ##$$a 635.9, Wis m =100 ##$$a WISAM, Abu =245 ##$$a Merawat tanaman hias, Abi Wisam =260 ##$$a 2007 $b Jakarta =300 ##$$a iv, 60 hlm =650 ##$$a Tanaman Hias - Perawatan =850 ##$$a NBPNMAT =990 ##$$a 17131713 =990 ##$$a 17141714 =990 ##$$a 21005634 =990 ##$$a 01201901714